| 000 | 00499nam a2200181Ia 4500 | ||
|---|---|---|---|
| 008 | 151018s9999 xx 000 0 und d | ||
| 082 |
_bRBASDV60688 _a891.462 |
||
| 100 | _aअरुण कापसे | ||
| 245 | _aमिताल | ||
| 250 | _b1 | ||
| 260 |
_b"गवळी,सांगली " _c2011 |
||
| 300 | _a231 | ||
| 600 | _aअरुण कापसे | ||
| 630 | _aमिताल | ||
| 700 | _aअरुण कापसे | ||
| 730 | _aमिताल | ||
| 942 | _cBOOK | ||
| 999 |
_c1054191 _d1054188 |
||